000 00839cab a2200241 4500
001 WB3515-34
008 090401t1999 xxu||||| |||| 00| 0 eng d
035 _a(Sirsi) u92868
041 _aeng
245 _aStudy of surface water contamination
260 _c1999
350 _a0
490 _aFarmer`s Guardian
_v16 April 1999, 11(1)
520 _aA two-year study is being carried out on a farm near Daventry, Northamptonshire, to investigate the different routes by which contamination of surface water by isoproturon occurs. The study, managed by ADAS, will also look at the scale and frequency of such contamination.
650 _aContamination
_96231
650 _aFARMING
650 _aISOPROTURON
650 _aPESTICIDES
650 _aSURFACE WATER
690 _aRURAL PRACTICE
942 _n0
948 _c20/04/1999
999 _c58869
_d58869